000 00555nam a2200181Ia 4500
003 OSt
005 20260326113535.0
008 211028s2008 xx 000 0 und d
040 _cAIMIT LIBRARY
041 _aeng
082 _a658.8 LOBJ
100 _aLobo, Jyonip Francis;Shanbhag, Santhosh.
_g60471321
_95914
245 _aCustomer satisfaction towards hyundai cars: a study with reference to nagshanti cars pvt ltd, Belgaum /
260 _bShanbhag, Santhosh
_c2008
600 _aMarketing
_95915
650 _aMarketing
_95916
942 _2ddc
_cPRO
999 _c218063
_d218063